000 00236nam a22000857a 4500
008 160914b xxu||||| |||| 00| 0 eng d
100 _9416
_aGupta. R.G ettal
245 _aComposide Mathematics-III
260 _aNew Delhi
_bAPC publications
_c2012
999 _c3073
_d3073